[Event "Omsk Rating op"]
[Site "Omsk"]
[Date "2014.10.19"]
[Round "8"]
[White "Savostjanov, Igor"]
[Black "Pozdniakov, Vladimir"]
[Result "1-0"]
[WhiteElo "2141"]
[BlackElo "2128"]
[PlyCount "79"]
[EventDate "2014.10.06"]
[EventType "swiss"]
[EventRounds "9"]
[EventCountry "RUS"]
[SourceTitle "EXT 2023"]
[Source "ChessBase"]
[SourceDate "2022.10.05"]
[SourceVersion "1"]
[SourceVersionDate "2022.10.05"]
[SourceQuality "1"]

1. e4 c5 2. Nf3 Nc6 3. d4 cxd4 4. Nxd4 Qb6 5. Nb3 Nf6 6. Nc3 e6 7. Be3 Qc7 8. a3 a6 9. f4 d6 10. Be2 b5 11. 0-0 Bb7 12. Bf3 Be7 13. Qd2 h5 14. Kh1 Rc8 15. Rad1 g6 16. f5 Ne5 17. fxe6 fxe6 18. Bd4 Nf7 19. Qf2 0-0 20. Qg3 Kh7 21. Bxf6 Bxf6 22. Bxh5 Ne5 23. Be2 Qe7 24. Nd4 Rce8 25. Rf4 Nd7 26. Nf3 Be5 27. Qh4+ Qxh4 28. Rxh4+ Kg7 29. Nxe5 Nxe5 30. Rxd6 g5 31. Rh3 Rf4 32. Rg3 g4 33. h3 Bxe4 34. Nxe4 Rxe4 35. Bxg4 Nxg4 36. Rxg4+ Rxg4 37. hxg4 Kf6 38. Rxa6 Kg5 39. Rb6 e5 40. Rxb5 1-0

[Event "Omsk op"]
[Site "Omsk"]
[Date "2013.09.15"]
[Round "6"]
[White "Chagochkin, Valeriy"]
[Black "Pozdniakov, Vladimir"]
[Result "1-0"]
[WhiteElo "2054"]
[BlackElo "2175"]
[PlyCount "44"]
[EventDate "2013.09.10"]
[EventType "swiss"]
[EventRounds "9"]
[EventCountry "RUS"]
[SourceTitle "CBM 156 Extra"]
[Source "ChessBase"]
[SourceDate "2013.10.22"]
[SourceVersion "1"]
[SourceVersionDate "2013.10.22"]
[SourceQuality "1"]

1. e4 c5 2. Nf3 Qc7 3. d4 cxd4 4. Nxd4 a6 5. Nc3 e6 6. Bd3 Bc5 7. Be3 d6 8. Qd2 Nf6 9. f3 Nbd7 10. 0-0-0 0-0 11. g4 b5 12. g5 b4 13. gxf6 bxc3 14. Qxc3 Nxf6 15. e5 dxe5 16. Nf5 exf5 17. Bxc5 Rd8 18. Rhg1 Rb8 19. Rxg7+ Kh8 20. Rdg1 Rd5 21. Bb4 Qb6 22. Ba3 Ra5 1-0

[Event "Omsk-ch"]
[Site "Omsk"]
[Date "2013.02.10"]
[Round "2"]
[White "Barakin, Gennady"]
[Black "Pozdniakov, Vladimir"]
[Result "1-0"]
[WhiteElo "2017"]
[BlackElo "2174"]
[PlyCount "37"]
[EventDate "2013.02.09"]
[EventType "swiss"]
[EventRounds "9"]
[EventCountry "RUS"]
[SourceTitle "CBM 153 Extra"]
[Source "ChessBase"]
[SourceDate "2013.04.22"]
[SourceVersion "1"]
[SourceVersionDate "2013.04.22"]
[SourceQuality "1"]

1. d4 Nf6 2. c4 c5 3. d5 e5 4. dxe6 fxe6 5. Nf3 Nc6 6. Nc3 Be7 7. e4 0-0 8. Be2 d6 9. 0-0 Bd7 10. Bg5 Ng4 11. Bxe7 Qxe7 12. Qd2 Nge5 13. Nxe5 dxe5 14. f4 exf4 15. Rxf4 Rxf4 16. Qxf4 Rf8 17. Qc7 b6 18. Rd1 Nd4 19. Bg4 1-0

[Event "Omsk-ch"]
[Site "Omsk"]
[Date "2013.02.09"]
[Round "1"]
[White "Pozdniakov, Vladimir"]
[Black "Gabdullin, Oleg"]
[Result "1-0"]
[WhiteElo "2174"]
[BlackElo "1897"]
[PlyCount "129"]
[EventDate "2013.02.09"]
[EventType "swiss"]
[EventRounds "9"]
[EventCountry "RUS"]
[SourceTitle "CBM 153 Extra"]
[Source "ChessBase"]
[SourceDate "2013.04.22"]
[SourceVersion "1"]
[SourceVersionDate "2013.04.22"]
[SourceQuality "1"]

1. Nf3 d5 2. b3 g6 3. Bb2 Nf6 4. c4 c6 5. g3 Bg7 6. Bg2 Qb6 7. Qc1 dxc4 8. bxc4 0-0 9. 0-0 Na6 10. d3 Re8 11. Nbd2 Nc5 12. Bd4 Nfd7 13. Bxg7 Kxg7 14. Qc3+ Kg8 15. d4 Na6 16. Rab1 Qc7 17. e4 Rb8 18. Rfc1 e5 19. dxe5 Nxe5 20. Nxe5 Qxe5 21. Qxe5 Rxe5 22. Nb3 Re8 23. Rd1 Be6 24. Na5 Nc5 25. f3 Red8 26. Bf1 Kf8 27. Kf2 Ke7 28. Ke3 Rd7 29. Rd4 Rbd8 30. Rbd1 f6 31. Be2 Rd6 32. f4 Bc8 33. h4 Rxd4 34. Rxd4 Rxd4 35. Kxd4 Ne6+ 36. Ke3 Kd6 37. Nb3 b6 38. g4 a5 39. g5 a4 40. Nd4 f5 41. exf5 Nxd4 42. Kxd4 Bxf5 43. a3 Bc2 44. h5 c5+ 45. Ke3 Ke6 46. Bg4+ Bf5 47. Bd1 gxh5 48. Bxh5 Kd6 49. Bd1 Be6 50. Be2 Bf5 51. Bd3 Bg6 52. f5 Bf7 53. Kf4 b5 54. cxb5 c4 55. Bc2 c3 56. Bxa4 Kc5 57. Bc2 Kxb5 58. f6 Bg8 59. Ke3 Kc4 60. a4 Kb4 61. Kd4 Bf7 62. a5 Bg6 63. Bxg6 hxg6 64. f7 c2 65. f8Q+ 1-0

[Event "Omsk-ch"]
[Site "Omsk"]
[Date "2012.03.23"]
[Round "7"]
[White "Baboshin, Sergei"]
[Black "Pozdniakov, Vladimir"]
[Result "1-0"]
[WhiteElo "2173"]
[BlackElo "2127"]
[PlyCount "57"]
[EventDate "2012.03.15"]
[EventType "swiss"]
[EventRounds "9"]
[EventCountry "RUS"]
[SourceTitle "EXT 2013"]
[Source "ChessBase"]
[SourceDate "2012.11.22"]
[SourceVersion "1"]
[SourceVersionDate "2012.11.22"]
[SourceQuality "1"]

1. e4 d6 2. d4 Nf6 3. Nc3 c6 4. g3 Nbd7 5. Bg2 e5 6. Nge2 b5 7. 0-0 Be7 8. d5 cxd5 9. exd5 b4 10. Na4 a5 11. c4 Rb8 12. f4 Qc7 13. Qd3 0-0 14. b3 Re8 15. h3 Bf8 16. Kh2 g6 17. Be3 Nh5 18. Rac1 Ba6 19. f5 Nhf6 20. Qd2 Bg7 21. g4 Rbc8 22. Ng3 e4 23. g5 Nh5 24. Nxh5 gxh5 25. f6 Bf8 26. Rf4 Re5 27. Rxe4 Rce8 28. Rxe5 Nxe5 29. Kh1 1-0

[Event "Omsk CC-ch final"]
[Site "Omsk"]
[Date "2011.08.24"]
[Round "3"]
[White "Zhmakin, Ivan"]
[Black "Pozdniakov, Vladimir"]
[Result "0-1"]
[WhiteElo "1791"]
[BlackElo "2152"]
[PlyCount "26"]
[EventDate "2011.08.20"]
[EventType "swiss"]
[EventRounds "11"]
[EventCountry "RUS"]
[SourceTitle "EXT 2023"]
[Source "ChessBase"]
[SourceDate "2022.10.05"]
[SourceVersion "1"]
[SourceVersionDate "2022.10.05"]
[SourceQuality "1"]

1. e4 d6 2. h3 g6 3. d3 Bg7 4. Nf3 c5 5. g3 Nc6 6. c3 e5 7. Bg2 Nge7 8. 0-0 0-0 9. Nbd2 h6 10. Kh2 Kh7 11. Re1 Rb8 12. Nf1 f5 13. Ng1 f4 0-1

[Event "Omsk-ch"]
[Site "Omsk"]
[Date "2010.03.02"]
[Round "7"]
[White "Skokov, Boris"]
[Black "Pozdniakov, Vladimir"]
[Result "1-0"]
[WhiteElo "2016"]
[BlackElo "2182"]
[PlyCount "20"]
[EventDate "2010.02.20"]
[EventType "swiss"]
[EventRounds "11"]
[EventCountry "RUS"]
[SourceTitle "CBM 135 Extra"]
[Source "ChessBase"]
[SourceDate "2010.05.04"]
[SourceVersion "1"]
[SourceVersionDate "2010.05.04"]
[SourceQuality "1"]

1. e4 g6 2. d4 Bg7 3. Nf3 c6 4. Nc3 d6 5. h3 Nd7 6. Bc4 e6 7. Bg5 Ne7 8. Qd2 h6 9. Bh4 b5 10. Bb3 Nb6 1-0

[Event "Omsk-ch"]
[Site "Omsk"]
[Date "2010.02.25"]
[Round "4"]
[White "Pozdniakov, Vladimir"]
[Black "Manchenko, Vladimir"]
[Result "1-0"]
[WhiteElo "2182"]
[BlackElo "2048"]
[PlyCount "25"]
[EventDate "2010.02.20"]
[EventType "swiss"]
[EventRounds "11"]
[EventCountry "RUS"]
[SourceTitle "CBM 135 Extra"]
[Source "ChessBase"]
[SourceDate "2010.05.04"]
[SourceVersion "1"]
[SourceVersionDate "2010.05.04"]
[SourceQuality "1"]

1. d4 c5 2. d5 e5 3. e4 a6 4. c4 d6 5. Nc3 g6 6. h4 h6 7. Be3 Bg7 8. Bd3 Nf6 9. f3 0-0 10. Qd2 Kh7 11. Nge2 Qe8 12. g4 Bd7 13. Ng3 1-0